| 000 | 00416nam a22001697a 4500 | ||
|---|---|---|---|
| 003 | CEME | ||
| 005 | 20210628203430.0 | ||
| 008 | 210129b xxu||||| |||| 00| 0 eng d | ||
| 040 | _c. | ||
| 082 | _a340.5 SOH | ||
| 100 |
_aSohail Werriach _965415 |
||
| 245 | _aAdliah kay zawal ki kahani | ||
| 260 |
_aLAHORE _bSAGAR PUBLICATIONS _c2002 |
||
| 300 | _a287P | ||
| 650 |
_aJUDISERY HISTORY _965416 |
||
| 942 |
_cBK _2ddc |
||
| 999 |
_c573633 _d573633 |
||